000 00787nam a2200205 a 4500
003 0
005 20250303131049.0
008 090703s19uu xx 00 eng d
050 _aPGS QR 82.O4
_b.V228 2009
100 _aVan Der Pluijm, John Carlo S.
245 _aEffects of lemon oil on the growth of Candida albicans /
_cJohn Carlo S. Van Der Pluijm.
260 _aLas PiƱas City, Philippines :
_bSouthville International School and Colleges,
_c2009.
300 _a31 pages :
_b illustrations ;
_c28 cm.
504 _aIncludes bibliographic references.
650 _aCandida albicans
_vGrowth and inhibition.
650 _aEssential oils
_vAntimicrobial properties.
650 _aLemon oil
_vEffects on fungi.
650 _aNatural antifungal agents.
942 _2lcc
_cPASS
999 _c98221
_d98221